| 000 | 00608nam a2200229Ia 4500 | ||
|---|---|---|---|
| 003 | OSt | ||
| 005 | 20220928115727.0 | ||
| 006 | a|||||r|||| 00| 0 | ||
| 007 | ta | ||
| 008 | 220927b |||||||| |||| 00| 0 eng d | ||
| 024 | _a26504 | ||
| 037 | _cTextual | ||
| 040 |
_aSDCL _cSDCL _beng |
||
| 041 |
_2eng _aeng |
||
| 082 | _aG:6:(B), M4.1 | ||
| 100 |
_aHill W G Ed. _9445798 |
||
| 245 | 0 | _aQuantitative genetics.V1. | |
| 260 |
_aNew York _b Van Nostrand Reinhold Company _c1984 |
||
| 300 |
_axi,347p _ccm. |
||
| 942 |
_hG:6:(B), M4.1 _cTEXL _2CC |
||
| 999 |
_c760690 _d760690 |
||